00335nam a2200133Ia 45000030006000000080041000060400015000471000016000622450063000782600027001413000006001685460010001740050017001840STCL150530s9999 xx 000 0 und d aSTCLcSTCL aPalanichamy aEcotoxicology and Environmental Monitoring Vol 17 May 2007 bPalani Paramountc2007 a0 aHindi20220125165916.0